000 00813nam a2200253Ia 4500
003 OSt
005 20220918170629.0
006 a|||||r|||| 00| 0
007 ta
008 220917b |||||||| |||| 00| 0 eng d
020 _a9780415480680 (pbk)
_c910.72
024 _a244,770
037 _b10-08156, 03/01/2011, Atlantic Publisher & Dist.Pvt.Ltd.
_cTextual
040 _aARTS
_cARTS
_beng
041 _2eng
_aeng
082 _aSN14:4, P9
100 _aNeenan Michael
_930164
245 0 _aDeveloping resilience
_b A cognitive - behavioural approach
260 _aLondon
_bRoutledge UK
_c2009
300 _aviii, 195p.
_ccm.
650 _aPSYCHOLOGY
942 _hSN14:4, P9
_cTEXL
_2CC
999 _c134994
_d134994